000 00467nam a22001817a 4500
003 OSt
005 20140310181920.0
008 130718t xxu||||| |||| 00| 0 eng d
050 _aHF 5635
_bEi34 2003
082 _aTR 657
_bEi8 2003
245 _aAccounting the easy way
_c Peter J. Eisen.
260 _aNew York :
_bBarron's
_c2003.
300 _a395 p. ;
_bill. :
_c28 cm.
521 _aFaculty.
541 _j1
562 _e1
942 _2lcc
_cBK-TR
_kTR
999 _c6958
_d6958